| 000 | 00783cac a2200241 a 4500 | ||
|---|---|---|---|
| 003 | Co-PeBPM | ||
| 005 | 20241212190834.0 | ||
| 008 | 231129e2005||||xx |||||||||||||| ||spa|| | ||
| 020 | _a8493453404 | ||
| 040 | 0 |
_aCo-PeBPM _bspa _cCo-PeBPM _erda |
|
| 041 | _aspa | ||
| 082 |
_a134.6 P151s _222 |
||
| 100 |
_aPajín Álvarez, Ángel _eAutor |
||
| 245 | 1 | 0 |
_aSugestopedia y Reprogramación De La Mente _b: Un Sistema Revolucionario En El Aprendizaje De Idiomas _c/ Ángel Pajín Álvarez |
| 260 |
_aMadrid, España _b: Editorial Europa Viva _c, 2005 |
||
| 300 |
_a175 Páginas _c; 17 Centímetros |
||
| 500 | _aIncluye Índice. | ||
| 650 | 1 | 4 |
_2LEMB _aMente |
| 650 | 1 | 4 |
_2LEMB _aSugestopedia |
| 650 | 1 | 4 |
_2LEMB _aIdiomas |
| 650 | 1 | 4 |
_2LEMB _aFundamentos científicos |
| 942 |
_2ddc _cBK |
||
| 999 |
_c24907 _d24907 |
||